000 00457nam a22001697a 4500
005 20240306100151.0
008 240226b |||||||| |||| 00| 0 eng d
020 _a9788181478559
082 _a617.629
_bMUT-M
100 _aMuthu, M. S
245 _aMcqs In Pediatric Dentistry /
_cM.S.Muthu
260 _aIndia :
_bElsever ;
_c2005 .
300 _axv , 307 p. :
_bill ;
_c18 cm.
500 _aInclude index.
650 _aMedical / Dentistry
999 _c35179
_d35179